Statistics for Nominations oscar best picture '80s

Click here to take the quiz!

General Stats

  • This quiz has been taken 1,065 times
  • The average score is 26 of 50

Answer Stats

HintDirector / ActorAnswer% Correct
1982Drew BarrymoreE.T. the Extra-Terrestrial
91%
1982Ben KingsleyGandhi
87%
1988Dustin HoffmanRain Man
86%
1986Oliver StonePlatoon
82%
1989Jessica TandyDriving Miss Daisy
81%
1983Shirley MacLaineTerms of Endearment
80%
1980Robert de NiroRaging Bull
74%
1987CherMoonstruck
72%
1985Whoopi GoldbergThe Color Purple
72%
1984Milos FormanAmadeus
71%
1989Daniel Day-LewisMy Left Foot
69%
1985Sydney PollackOut of Africa
69%
1981Henry FondaOn Golden Pond
68%
1980Robert RedfordOrdinary People
67%
1981Warren BeattyReds
65%
1987Bernardo BertolucciThe Last Emperor
65%
1987Michael DouglasFatal Attraction
63%
1981Steven SpielbergRaiders of the Lost Ark
63%
1980Sissy SpacekCoal Miner's Daughter
61%
1982Jessica LangeTootsie
59%
1989Tom CruiseBorn on the Fourth of July
57%
1986Marlee MatlinChildren of a Lesser God
56%
1989Robin WilliamsDead Poets Society
56%
1981Hugh HudsonChariots of Fire
55%
1988Melanie GriffithWorking Girl
52%
1985William HurtKiss of the Spider Woman
51%
1986Woody AllenHannah and Her Sisters
50%
1989Kevin CostnerField of Dreams
47%
1980David LynchThe Elephant Man
47%
1984Sally FieldPlaces in the Heart
46%
1983Robert DuvallTender Mercies
45%
1988Geena DavisThe Accidental Tourist
44%
1985Harrison FordWitness
42%
1985Jack NicholsonPrizzi's Honor
39%
1987James L. BrooksBroadcast News
38%
1988Glenn CloseDangerous Liaisons
36%
1988Gene HackmanMississippi Burning
35%
1984Roland JofféThe Killing Fields
34%
1984David LeanA Passage to India
33%
1980Roman PolanskiTess
33%
1983Jeff GoldblumThe Big Chill
32%
1986Jeremy IronsThe Mission
31%
1981Susan SarandonAtlantic City
30%
1982Jack LemmonMissing
30%
1986James IvoryA Room with a View
29%
1982Sidney LumetThe Verdict
27%
1984Norman JewisonA Soldier's Story
21%
1983Albert FinneyThe Dresser
20%
1983Philip KaufmanThe Right Stuff
20%
1987John BoormanHope and Glory
14%

Score Distribution

Percentile by Number Answered

Percent of People with Each Score

Your Score History

You have not taken this quiz